MARC

LEADER 00000nam0a2200000 4500
001 281230
005 20231101235401.0
020 |a RU  |b 86-71683 
035 |a (RuTPU)RU\TPU\book\304907 
090 |a 281230 
100 |a 20150120d1986 m y0rusy5003 ca 
101 0 |a rus 
102 |a UA 
105 |a a j 001zy 
200 1 |a Проектирование железобетонных работ  |e учебное пособие для строительных специальностей вузов  |f Ю. П. Кузнецов 
210 |a Киев  |c Вища школа  |d 1986 
215 |a 279 с.  |c ил.  |d 22 см 
320 |a Библиогр.: с. 274-275 (29 назв.) 
320 |a Предм. указ.: с. 276-277 
606 1 |a Железобетонные работы  |2 stltpush  |3 (RuTPU)RU\TPU\subj\10721  |9 37758 
610 1 |a проектирование 
610 1 |a опалубка 
610 1 |a арматурные работы 
610 1 |a бетонные работы 
610 1 |a организация производства 
610 1 |a зимнее время 
610 1 |a фундаменты 
610 1 |a монолитные работы 
610 1 |a возведение 
610 1 |a технологические карты 
610 1 |a зимнее бетонирование 
610 1 |a эффективные способы 
610 1 |a учебные пособия 
675 |a 693.55(075.8)  |z rus  |v 3 
700 1 |a Кузнецов  |b Ю. П.  |g Юрий Петрович  |4 070 
801 0 |a RU  |b RuMRKP  |c 19950704  |g psbo 
801 1 |a RU  |b 63413507  |c 20150120 
801 2 |a RU  |b 63413507  |c 20170314  |g RCR 
942 |c BK